Lippincott Q & A review for NCLEX-RN / (Record no. 24711)
[ view plain ]
| 000 -LEADER | |
|---|---|
| fixed length control field | 01010nam a22002895a 4500 |
| 005 - DATE AND TIME OF LATEST TRANSACTION | |
| control field | 20170426123444.0 |
| 008 - FIXED-LENGTH DATA ELEMENTS--GENERAL INFORMATION | |
| fixed length control field | 170426t2017 paua frb 000 0 eng d |
| 020 ## - INTERNATIONAL STANDARD BOOK NUMBER | |
| International Standard Book Number | 9781469886619 |
| 020 ## - INTERNATIONAL STANDARD BOOK NUMBER | |
| International Standard Book Number | 1469886618 |
| 040 ## - CATALOGING SOURCE | |
| Original cataloging agency | EG-ScBUE |
| Language of cataloging | eng |
| Transcribing agency | EG-ScBUE |
| Modifying agency | EG-ScBUE |
| 082 04 - DEWEY DECIMAL CLASSIFICATION NUMBER | |
| Edition number | 22 |
| Classification number | 610.73076 |
| Item number | BIL |
| 100 1# - MAIN ENTRY--PERSONAL NAME | |
| Personal name | Billings, Diane M. |
| 245 10 - TITLE STATEMENT | |
| Title | Lippincott Q & A review for NCLEX-RN / |
| Statement of responsibility, etc | Diane M. Billings, Desiree Hensel. |
| 246 3# - VARYING FORM OF TITLE | |
| Title proper/short title | Lippincott Q and A review for NCLEX-RN |
| 250 ## - EDITION STATEMENT | |
| Edition statement | 12th ed. |
| 260 ## - PUBLICATION, DISTRIBUTION, ETC. (IMPRINT) | |
| Place of publication, distribution, etc | Philadelphia : |
| Name of publisher, distributor, etc | Wolters Kluwer, |
| Date of publication, distribution, etc | c.2017. |
| 300 ## - PHYSICAL DESCRIPTION | |
| Extent | xvi, 1107 p. : |
| Other physical details | ill. ; |
| Dimensions | 28 cm. |
| 500 ## - GENERAL NOTE | |
| General note | The best-selling NCLEX Q&A book ! |
| 504 ## - BIBLIOGRAPHY, ETC. NOTE | |
| Bibliography, etc | Includes bibliographical references. |
| 610 27 - SUBJECT ADDED ENTRY--CORPORATE NAME | |
| Source of heading or term | BUEsh |
| Corporate name or jurisdiction name as entry element | National Council Licensure Examination for Registered Nurses |
| General subdivision | Study guides. |
| 650 #7 - SUBJECT ADDED ENTRY--TOPICAL TERM | |
| Source of heading or term | BUEsh |
| 9 (RLIN) | 4472 |
| Topical term or geographic name as entry element | Nursing care. |
| 650 #7 - SUBJECT ADDED ENTRY--TOPICAL TERM | |
| Source of heading or term | BUEsh |
| 9 (RLIN) | 12268 |
| Topical term or geographic name as entry element | Nursing |
| Form subdivision | Examinations, questions, etc. |
| 651 ## - SUBJECT ADDED ENTRY--GEOGRAPHIC NAME | |
| Source of heading or term | BUEsh |
| 653 ## - INDEX TERM--UNCONTROLLED | |
| Resource For college | Nursing |
| Arrived date list | April2017 |
| 700 1# - ADDED ENTRY--PERSONAL NAME | |
| Personal name | Hensel, Desiree. |
| 942 ## - ADDED ENTRY ELEMENTS (KOHA) | |
| Source of classification or shelving scheme | Dewey Decimal Classification |
| Withdrawn status | Item status | Source of classification or shelving scheme | Damaged status | Not for loan | Vendor | Home library | Current library | Shelving location | Date acquired | Source of acquisition | Cost, normal purchase price | Serial Enumeration / chronology | Total Checkouts | Total Renewals | Full call number | Barcode | Date last seen | Date last borrowed | Cost, replacement price | Koha item type |
|---|---|---|---|---|---|---|---|---|---|---|---|---|---|---|---|---|---|---|---|---|
| Dewey Decimal Classification | ايمك | Central Library | Central Library | First floor | 26/04/2017 | Purchase | 810.00 | 3673 | 6 | 54 | 610.73076 BIL | 000041705 | 15/07/2025 | 20/10/2024 | 1012.50 | Book - Borrowing |